| 000 | 00844nam a2200241 a 4500 | ||
|---|---|---|---|
| 001 | 40186 | ||
| 003 | BD-RjUL | ||
| 005 | 20211209053144.0 | ||
| 008 | 160424s1981 bg ||||| |||| 001 0 ben d | ||
| 020 | _c: IRs 25.00 | ||
| 035 | _a(BD-RjUL)40301 | ||
| 040 |
_aBD-RjUL _bben _cBD-RjUL |
||
| 041 | _aben | ||
| 082 |
_223 _a954.922 _bHOK 1981 |
||
| 100 |
_aহোসেন, নাজির _9123712 |
||
| 245 | 1 | 0 |
_aকিংবদন্তির ঢাকা / _cনাজির হোসেন |
| 260 |
_aঢাকা : _bআজাদ মুসলিম ক্লাব, _c১৯৮১ |
||
| 300 |
_a[২৬], ২৪৮ পৃ. ; _c২১ সেমি |
||
| 504 | _aনির্ঘন্ট সম্বলিত | ||
| 650 |
_aইতিহাস _zঢাকা _9122219 |
||
| 650 |
_aHistory _zDhaka _9122220 |
||
| 942 |
_2ddc _cBK |
||
| 999 |
_c40186 _d40186 |
||